000 01353cam a2200349 i 4500
003 EG-ScBUE
005 20250911083919.0
008 101121s2014 enka f 000 0 eng d
020 _a9780194769648
020 _a9780194770187 (cd)
040 _aEG-ScBUE
_beng
_erda
_cEG-ScBUE
_dEG-ScBUE
082 0 4 _a428.24
_bSOA
_222
100 1 _aSoars, John,‏
_d1951-
_eauthor.
_921210
245 1 0 _aNew headway :
_bPre-intermediate : workbook without key /
_cJohn, Liz Soars.
250 _aFourth edition.
264 1 _aOxford ;
_aNew York :
_bOxford University Press,
_c2014.
300 _a104 pages :
_billustrations ;
_c28 cm +
_e1 CD
336 _2rdacontent
_atext
_btxt
336 _2rdacontent
_asounds
_bsnd
337 _2rdamedia
_aunmediated
_bn
337 _2rdamedia
_aaudio
_bs
338 _2rdacarrier
_avolume
_bnc
338 _2rdacarrier
_acomputer disc
_bcd
500 _aIncludes appendix.
650 7 _aEnglish language
_vTextbooks for foreign speakers.
_2BUEsh
_921211
650 7 _aEnglish language
_xGrammar
_vProblems, exercises, etc.
_2BUEsh
_921212
653 _bHHUUEENN
_cDecember2019
655 _vReading book
_934232
700 1 _aSoars, Liz,‏
_d1945-
_eauthor.
_934639
856 _tWWW. oup. com/elt /headway for interactive resources
_uhttps://elt.oup.com/student/headway/?cc=eg&selLanguage=en
942 _cBB
_2ddc
999 _c30993
_d30964